| 000 | 00791nam a2200253 a 4500 | ||
|---|---|---|---|
| 008 | |||
| 020 | _a0198548427 (Hbk.) | ||
| 049 | _aMAIN | ||
| 090 |
_aGF75 _bPOP |
||
| 245 | 0 | 0 |
_aPopulation and the environment / _cedited by Bryan Cartledge. |
| 260 |
_aOxford ; _aNew York : _bOxford University Press, _c1995. |
||
| 300 |
_a191 p. : _bill., maps ; _c24 cm. |
||
| 490 | 1 |
_aThe Linacre lectures ; _v1993-4 |
|
| 504 | _aIncludes bibliographical references. | ||
| 500 | _aIncludes index. | ||
| 650 | 0 |
_aPopulation _xEnvironmental aspects. |
|
| 700 | 1 | _aCartledge, Bryan. | |
| 830 | 0 |
_aLinacre lecture ; _v1993-4. |
|
| 907 |
_a.b10029977 _b06-11-12 _c17-04-03 |
||
| 003 | |||
| 005 | 20230123133148.0 | ||
| 040 | _cNUST | ||
| 942 |
_cBOOKS _kGF75 _mPOP |
||
| 999 |
_c143811 _d143811 |
||